| 000 | 00542nam a2200193Ia 4500 | ||
|---|---|---|---|
| 005 | 20250423094327.0 | ||
| 008 | 250422s9999 xx 000 0 und d | ||
| 020 | _a0684835827 | ||
| 050 | _aHD 31 .S56/ | ||
| 100 | _aSimon, Herbert A. | ||
| 245 | 0 | _aAdministrative behavior :a study of decision-making processes in administrative organizations | |
| 250 | _a2nd ed. | ||
| 260 | _aNew York | ||
| 260 | _bFree Press | ||
| 260 | _c1957 | ||
| 300 | _a259 p | ||
| 650 | _aManagement Decision making Organizational behavior | ||
| 942 | _cBK | ||
| 999 |
_c26921 _d26921 |
||